Viajemos por América

Збережено в:
Бібліографічні деталі
Автор: Marrero, Levi (autor)
Формат: Книга
Мова:Іспанська
Опубліковано: Caracas Cultural Venezolana 1979
Редагування:4a. ed
Серія:Geografía visualizada
Предмети:
Теги: Додати тег
Немає тегів, Будьте першим, хто поставить тег для цього запису!

MARC

LEADER 00000nam a2200000 a 4500
001 UCU2040
003 CL-VaPUC
008 960419e19790000VE |||||||||||||||||spa|d
082 0 4 |a 918  |b MAR  |2 21 
100 |a Marrero, Levi  |e autor  |9 366875 
245 1 0 |a Viajemos por América 
250 |a 4a. ed 
300 |a 250 p 
942 |c BK 
945 |d 19960419 00:00:00  |a lriquelm 
260 |a Caracas  |b Cultural Venezolana  |c 1979 
650 0 |a Geografía  |9 259346 
650 7 |a PAISES  |2 CL-VaPUC  |9 357801 
650 0 |a Clima  |9 265281 
650 7 |a TIERRA  |2 CL-VaPUC  |9 261538 
651 0 |a América Latina   |9 255027 
583 |a last modification  |c 19960419 00:00:00  |k Rodrigo Vera 
490 0 |a Geografía visualizada 
999 |c 246442  |d 246440